VECTOR ANALYSIS (Record no. 11892)
[ view plain ]
| 000 -LEADER | |
|---|---|
| fixed length control field | 00556cam a2200217ua 4500 |
| 008 - FIXED-LENGTH DATA ELEMENTS--GENERAL INFORMATION | |
| fixed length control field | 190314n II |||gr||||Z||||||eng |
| 040 ## - CATALOGING SOURCE | |
| Original cataloging agency | MAIN |
| 041 ## - LANGUAGE CODE | |
| -- | English |
| 041 ## - LANGUAGE CODE | |
| -- | eng |
| 082 ## - DEWEY DECIMAL CLASSIFICATION NUMBER | |
| Classification number | 510 SAR |
| 100 ## - MAIN ENTRY--PERSONAL NAME | |
| Personal name | SARMAH,J.N., |
| Relator term | AUTHOR. |
| 245 ## - TITLE STATEMENT | |
| Title | VECTOR ANALYSIS |
| 250 ## - EDITION STATEMENT | |
| Edition statement | 19TH. |
| 260 ## - PUBLICATION, DISTRIBUTION, ETC. | |
| Place of publication, distribution, etc. | MEERUT |
| Name of publisher, distributor, etc. | KRISHNA PRAKASHAN MANDIR |
| Date of publication, distribution, etc. | 1991-92 |
| 300 ## - PHYSICAL DESCRIPTION | |
| Extent | 168: |
| Dimensions | 20CM. |
| 500 ## - GENERAL NOTE | |
| General note | Donated by Paran Bhuyan , Melachakar, Sibsagar on 11.03.2019 |
| 700 ## - ADDED ENTRY--PERSONAL NAME | |
| Personal name | VASISTHA, A.R., |
| Relator term | AUTHOR. |
| 942 ## - ADDED ENTRY ELEMENTS (KOHA) | |
| Koha item type | Books |
| 653 ## - INDEX TERM--UNCONTROLLED | |
| Uncontrolled term | Mathematics |
| Withdrawn status | Lost status | Damaged status | Not for loan | Collection code | Home library | Current library | Shelving location | Date acquired | Full call number | Barcode | Date last seen | Copy number | Price effective from | Koha item type |
|---|---|---|---|---|---|---|---|---|---|---|---|---|---|---|
| REFMAT | Central Library and Information Centre Sibsagar Girls College | Central Library and Information Centre Sibsagar Girls College | Mathematics Rack | 11.09.1989 | 510 SAR | 10152 | 27.02.2020 | 1 | 27.02.2020 | Books |